000 00755nas a2200253 4500
001 BR8800359
003 BR-BrBNA
005 20231205091021.0
007 ta
008 230509b bl.|||p| |||| 00| 00por d
040 _aBR-BrBNA
_bpor
_cBiblioteca Nacional de Agricultura
041 _a(Pt)
072 _aF04; P33
100 1 _aFioretto, R.A.
100 1 _aBrinholi, O.
245 1 _aVariacao sazonal nos resultados das analises quimicas do solo, apos a aplicacao de manipueira
650 _aANALISE QUIMICA
650 _aMANDIOCA
650 _aRESIDUO
650 _aSOLO
773 0 _tEnergia na Agricultura (Brazil)
_xISSN 0102-9169
_g(1987), v. 2(1) p. 32-46
_wBR8800359
909 _a202311
_bLúcia
_c55
_dLúcia Elande
942 _2AGRIS
_n0
_cANA
999 _c122242
_d122242